| 000 | 00718nam a22002297a 4500 | ||
|---|---|---|---|
| 005 | 20251108172803.0 | ||
| 008 | 250721s2004 xx 000 0 ara d | ||
| 082 | 1 | 4 | _a005.133/برم |
| 100 | 1 | _aبصبوص، محمد حسين | |
| 245 | 1 | 0 | _aالبرمجة بلغة فيجوال بيسك / |
| 246 | 1 | 1 | _aAdvanced Visual Basic 6.0 |
| 264 | 1 |
_aعمان : _bدار اليازوري للعلمية للنشر والتوزيع، _c2004. |
|
| 300 | _a220ص. | ||
| 650 | 1 | 7 | _aبرامج الحاسوب |
| 650 | 1 | 7 | _aالحواسيب |
| 650 | 1 | 7 | _aلغات البرمجه |
| 650 | 1 | 7 | _aبيسك |
| 700 | 1 | _aالغولة، حمزة | |
| 700 | 1 | _aالجدوع، خلدون | |
| 942 |
_2ddc _cBK |
||
| 999 |
_c88471 _d88471 |
||